000 00829namaa2200289 a 4500
001 vtls001304395
003 NLI
005 20210627043951.0
008 120418s1980 dcu i000 0 eng
039 9 _y201204181932
_zVLOAD
040 0 _aNLI
_cVTLS-2012_FOD
_eAACR2
041 0 _aeng
044 _adcu
082 0 4 _a387.7
110 1 _aUnited States.
_bDepartment of Transportation
245 1 0 _aCommuter air carrier loan guarantee study
260 _aWashington :
_bUnited States Department of Transportation,
_c1980
300 _aVarious pagings ;
_c30 cm.
500 _aCover title
650 0 _aAir transportation
650 0 _aAirlines
_9716773
887 _a
901 _aAD 128089
_b22.10.2010
902 _aU.S 387.7 Un 3 c
949 _AVIRTUAITEM
_D10000
_X100
_6ADX000128089ENG
942 _2ddc
_cBKS
999 _c596998
_d596998